00453nam a2200193Ia 4500008004100000020001800041050001400059100002000073245001400093245002300107260001500130260002200145260000900167300001500176300002700191300001000218300002300228500000800251170918s9999 xx 000 0 und d a9780531254813 bB626 2013 aBjorklund, Ruth aParrots / cby Ruth Bjorklund. aNew York : bChildren's Press, c2013 a48 pages : bcolored illustration ; c21cm. eNature's children. a940